Joueurs Canadiens 2023-2024 - Statistiques

Statistiques générales
  • Ce quiz a été pris 49 fois
  • Le résultat moyen est 11 sur 20
Statistiques - réponses
Hint Réponse % Correct
ATT Nick Suzuki
94%
ATT Cole Caufield
88%
ATT Brendan Gallagher
71%
DEF David Savard
71%
ATT Jake Evans
68%
GARD Samuel Montembeault
68%
ATT Juraj Slafkovsky
65%
ATT Josh Anderson
62%
DEF Michael Matheson
62%
GARD Jake Allen
56%
ATT Joel Armia
56%
ATT Kirby Dach
56%
ATT Alex Newhook
53%
DEF Arber Xhekaj
53%
DEF Kaiden Guhle
47%
ATT Michael Pezzetta
38%
ATT Christian Dvorak
35%
DEF Jordan Harris
35%
ATT Sean Monahan
35%
DEF Justin Barron
24%
Aucun quiz correspondant
Distribution des résultats
% des personnes avec chaque résultat
Percentile par nombre de réponses
Votre historique - résultats
Vous n’avez pas pris ce quiz